000 00418nam a2200181Ia 4500
001 8274
005 20260306160557.0
008 260306t2019||||xx |||||||||||||| ||spa||
041 _aESP
082 _a370.1523
_bE354
100 _aEnkvist, Inger,
_eAUT
245 0 _aControversias educativas
260 _c2019
300 _a180 páginas :
_c23 cm.
650 _aGEN
654 _aCED
942 _cLIB
_dJUS
_fJUS
_2ddc
_n
999 _c8274
_d8274